<?xml version="1.0" encoding="UTF-8"?>
<record
    xmlns:xsi="http://www.w3.org/2001/XMLSchema-instance"
    xsi:schemaLocation="http://www.loc.gov/MARC21/slim http://www.loc.gov/standards/marcxml/schema/MARC21slim.xsd"
    xmlns="http://www.loc.gov/MARC21/slim">

  <leader>00388nam a22001457a 4500</leader>
  <controlfield tag="005">20241024123532.0</controlfield>
  <controlfield tag="008">241024b        |||||||| |||| 00| 0 eng d</controlfield>
  <datafield tag="020" ind1=" " ind2=" ">
    <subfield code="a">9789988832971</subfield>
  </datafield>
  <datafield tag="050" ind1=" " ind2=" ">
    <subfield code="a">KRX2790.K863</subfield>
  </datafield>
  <datafield tag="100" ind1=" " ind2=" ">
    <subfield code="a">Kumbour, B. &amp; Ali-Nakyea, A.</subfield>
  </datafield>
  <datafield tag="245" ind1=" " ind2=" ">
    <subfield code="a">Ghana Tax Law Premier</subfield>
  </datafield>
  <datafield tag="300" ind1=" " ind2=" ">
    <subfield code="a">xxiii, 231 pages.</subfield>
    <subfield code="b">Bibliography</subfield>
    <subfield code="c">20cm</subfield>
  </datafield>
  <datafield tag="650" ind1=" " ind2=" ">
    <subfield code="2">Law of Taxation</subfield>
  </datafield>
  <datafield tag="942" ind1=" " ind2=" ">
    <subfield code="2">lcc</subfield>
    <subfield code="c">BK</subfield>
    <subfield code="n">0</subfield>
  </datafield>
  <datafield tag="999" ind1=" " ind2=" ">
    <subfield code="c">171</subfield>
    <subfield code="d">171</subfield>
  </datafield>
  <datafield tag="952" ind1=" " ind2=" ">
    <subfield code="0">0</subfield>
    <subfield code="1">0</subfield>
    <subfield code="2">lcc</subfield>
    <subfield code="4">0</subfield>
    <subfield code="7">0</subfield>
    <subfield code="a">MLL</subfield>
    <subfield code="b">MLL</subfield>
    <subfield code="c">REF</subfield>
    <subfield code="d">2024-10-24</subfield>
    <subfield code="l">0</subfield>
    <subfield code="o">KRX2790.K86 KUN</subfield>
    <subfield code="p">LLM00000257</subfield>
    <subfield code="r">2024-10-24 12:37:50</subfield>
    <subfield code="t">1</subfield>
    <subfield code="w">2024-10-24</subfield>
    <subfield code="y">BK</subfield>
  </datafield>
  <datafield tag="952" ind1=" " ind2=" ">
    <subfield code="0">0</subfield>
    <subfield code="1">0</subfield>
    <subfield code="2">lcc</subfield>
    <subfield code="4">0</subfield>
    <subfield code="7">0</subfield>
    <subfield code="a">MLL</subfield>
    <subfield code="b">MLL</subfield>
    <subfield code="c">REF</subfield>
    <subfield code="d">2024-10-24</subfield>
    <subfield code="l">0</subfield>
    <subfield code="o">KRX2790.K86 KUN</subfield>
    <subfield code="p">LLM00000258</subfield>
    <subfield code="r">2024-10-24 12:37:50</subfield>
    <subfield code="t">2</subfield>
    <subfield code="w">2024-10-24</subfield>
    <subfield code="y">BK</subfield>
  </datafield>
  <datafield tag="952" ind1=" " ind2=" ">
    <subfield code="0">0</subfield>
    <subfield code="1">0</subfield>
    <subfield code="2">lcc</subfield>
    <subfield code="4">0</subfield>
    <subfield code="7">0</subfield>
    <subfield code="8">NFIC</subfield>
    <subfield code="a">CTLL</subfield>
    <subfield code="b">CTLL</subfield>
    <subfield code="c">REF</subfield>
    <subfield code="d">2025-06-21</subfield>
    <subfield code="l">0</subfield>
    <subfield code="o">KRX2790.K86 KUN</subfield>
    <subfield code="p">LLCT00000758</subfield>
    <subfield code="r">2025-06-21 17:42:05</subfield>
    <subfield code="t">1</subfield>
    <subfield code="w">2025-06-21</subfield>
    <subfield code="y">BK</subfield>
  </datafield>
  <datafield tag="952" ind1=" " ind2=" ">
    <subfield code="0">0</subfield>
    <subfield code="1">0</subfield>
    <subfield code="2">lcc</subfield>
    <subfield code="4">0</subfield>
    <subfield code="7">0</subfield>
    <subfield code="8">NFIC</subfield>
    <subfield code="a">CTLL</subfield>
    <subfield code="b">CTLL</subfield>
    <subfield code="c">REF</subfield>
    <subfield code="d">2025-06-21</subfield>
    <subfield code="l">0</subfield>
    <subfield code="o">KRX2790.K86 KUN</subfield>
    <subfield code="p">LLCT00000759</subfield>
    <subfield code="r">2025-06-21 17:42:05</subfield>
    <subfield code="t">2</subfield>
    <subfield code="w">2025-06-21</subfield>
    <subfield code="y">BK</subfield>
  </datafield>
</record>
